Statistics for Страны по Подсказкам #1

Click here to take the quiz!

General Stats

  • This quiz has been taken 1 198 times
  • The average score is 12 of 15

Answer Stats

ПодсказкиСтрана% Correct
багет, Наполеон, круассанФранция
99%
пицца, мода, КолизейИталия
99%
самураи, Фудзи, анимеЯпония
97%
Олимпиада, Зевс, оливыГреция
96%
пирамиды, Нил, фараонЕгипет
94%
казаки, гопак, КиевУкраина
94%
Тадж-Махал, тигр, кастыИндия
85%
юрта, бешбармак, НазарбаевКазахстан
85%
IKEA, Карлсон, СагаШвеция
77%
коалы, буш, утконосыАвстралия
75%
иудаизм, кашрут, шаббатИзраиль
70%
Голубая мечеть, Босфор, кебабТурция
68%
бобёр, Квебек, лосьКанада
55%
базар, персы, аятоллаИран
54%
шоколад, вафли, СмурфикиБельгия
51%

Score Distribution

Percentile by Number Answered

Percent of People with Each Score

Your Score History

You have not taken this quiz